| 000 | 00602nam a22001937a 4500 | ||
|---|---|---|---|
| 005 | 20260529143711.0 | ||
| 010 | _aENG-148683 | ||
| 020 |
_a9789349042988 _c450.00 |
||
| 035 | _aEN-132215 | ||
| 037 | _bDBAD | ||
| 082 |
_aN _21 |
||
| 100 | _aPankaj P Singh | ||
| 245 |
_aUNFOLDED: _bFauji Speak on Civvy Street—How the Military Shapes the Way We Talk/ _cPankaj P Singh |
||
| 250 | _a1 | ||
| 260 |
_aChandigarh _bThe Browser _c2026 |
||
| 270 |
_bChandigarh _aSCO 14-15, Sector 8-C _e160009 _mservice@thebrowser.org |
||
| 300 |
_a380p. _c20cm(pb) |
||
| 942 |
_2ddc _cEN _h355.003 _mPAN |
||
| 999 |
_c216400 _d216400 |
||